| 000 | 00813nam a22002177a 4500 | ||
|---|---|---|---|
| 999 |
_c13052 _d13052 |
||
| 003 | AR-CdUCM | ||
| 008 | 190411b ||||| |||| 00| 0 spa d | ||
| 020 | _a9972-9622-0-2 | ||
| 040 |
_aMUNICIPALIDAD PROVINCIAL DEL CUSCO _cBIBLIOTECA MUNICIPAL DEL CUSCO |
||
| 082 |
_a371.33 / _bE31 |
||
| 100 |
_aEgúsquiza Ramirez, Aquiles A. _931236 |
||
| 245 |
_aEl drama apocalíptico del profesor : _bTragedia en dos actos / |
||
| 260 |
_aPerú : _bUniversitaria de la UNE, _c2002. |
||
| 300 |
_a150 páginas ; _c21 cm. |
||
| 505 | _aContenido : Presentación -- Prologo a la primera edición -- Explicaciones generales -- El mensaje -- Los personajes principales -- Escenarios ... | ||
| 650 |
_aEducación _9460 |
||
| 650 |
_aMaestro _92997 |
||
| 650 |
_aPerú _935 |
||
| 942 |
_2ddc _cLIBROS |
||
| 945 |
_arah _d11/04/2019 |
||